principles of organic chemistry / (Record no. 96351)

MARC details
000 -LEADER
fixed length control field 00509nam a22001817a 4500
005 - DATE AND TIME OF LATEST TRANSACTION
control field 20150821123104.0
010 ## - LCCN (DPL NO)
LC control number 1516ENO7
020 ## - INTERNATIONAL STANDARD BOOK NUMBER
International Standard Book Number 9780128024447
Terms of availability 595.00
037 ## - SOURCE OF ACQUISITION
Stock number DPL
Source of stock number/acquisition PS/Ven
100 ## - MAIN ENTRY--PERSONAL NAME
Personal name Ouellette, Robert J.
245 ## - TITLE STATEMENT
Title principles of organic chemistry /
Statement of responsibility, etc by Robert J. Ouellette [and] J.David Rawn
260 ## - PUBLICATION, DISTRIBUTION, ETC. (IMPRINT)
Place of publication, distribution, etc New Delhi
Name of publisher, distributor, etc Elsevier
Date of publication, distribution, etc 2015
270 ## - ADDRESS
City New Delhi
300 ## - PHYSICAL DESCRIPTION
Extent x,485p.
Other physical details ill.
Dimensions 28cm(HB)
700 ## - ADDED ENTRY--PERSONAL NAME
Personal name Rawn, J.David
942 ## - ADDED ENTRY ELEMENTS (KOHA)
Source of classification or shelving scheme Dewey Decimal Classification
Item type English Books

No items available.


© Delhi Public Library
Hit Counter
free hit counter